000 00765nam a2200253Ia 4500
003 OSt
005 20220930072918.0
006 a|||||r|||| 00| 0
007 ta
008 220926b |||||||| |||| 00| 0 eng d
024 _a25686
037 _cTheses
040 _aCRL
_cCRL
_beng
041 _2eng
_aeng
100 _aAlam Intishar
_9530691
110 _aUniversity of Delhi. Faculty of Arts. Department of Urdu
245 0 _aComparative study of the texts of Premchand's Urdu Hindi short stories
260 _c1998
650 _aURDU LANGUAGE
700 _a Arifi Amir Supervisor
_9530692
700 _aUniversity of Delhi. Faculty of Arts. Department of Urdu
942 _cDIS
_2CC
999 _c864453
_d864453